000 00713nas a2200241 4500
001 BR8003496
003 BR-BrBNA
005 20231205084330.0
007 ta
008 230509b bl.|||p| |||| 00| 00por d
040 _aBR-BrBNA
_bpor
_cBiblioteca Nacional de Agricultura
041 _a(Pt)
072 _aF00
100 1 _aDonalisio, M.G.R.
100 1 _aSouza, C.J. de
100 1 _aDuarte, F.R.
245 1 _aInstrucoes para o cultivo de curcuma [Acafrao da India; Curcuma longa]
650 _aACAFRAO DA INDIA
650 _aPRATICA CULTURAL
773 0 _tAgronomico (Brazil)
_xISSN 0365-2726
_g(1980), v. 32 p. 171-175
_wBR8003496
909 _a202311
_bLúcia
_c55
_dLúcia Elande
942 _2AGRIS
_n0
_cANA
999 _c104547
_d104547